[Event "Asuncion CIT op"]
[Site "Asuncion"]
[Date "2023.08.18"]
[Round "9"]
[White "Navarro Canete, Facundo Javier"]
[Black "Aguirre, Edgar"]
[Result "0-1"]
[WhiteElo "1469"]
[BlackElo "1682"]
[PlyCount "132"]
[EventDate "2023.08.12"]
[EventType "swiss"]
[EventRounds "9"]
[EventCountry "PAR"]
[SourceTitle "CBM 215 Extra"]
[Source "ChessBase"]
[SourceDate "2023.09.30"]
[SourceVersion "1"]
[SourceVersionDate "2023.09.30"]
[SourceQuality "1"]

1. e4 c5 2. Nf3 Nc6 3. Nc3 d6 4. d4 cxd4 5. Nxd4 a6 6. Bc4 Nf6 7. f3 Qb6 8. Nxc6 bxc6 9. a3 g6 10. Qd3 Bg7 11. Be3 Qxb2 12. Rb1 Qxa3 13. Rb3 Qa1+ 14. Rb1 Qa5 15. Bb6 Qg5 16. g3 0-0 17. Be3 Qa5 18. Bb6 Qh5 19. g4 Qh3 20. Ne2 Nd7 21. Nf4 Qh6 22. Be3 Ne5 23. Qe2 Qh4+ 24. Bf2 Qf6 25. Be3 Nxc4 26. Qxc4 Qc3+ 27. Qxc3 Bxc3+ 28. Kf2 a5 29. Rb3 Bg7 30. h4 a4 31. Ra3 Bb2 32. Ra2 a3 33. Bc1 Bxc1 34. Rxc1 e5 35. Nd3 Be6 36. c4 Ra4 37. Ne1 Bxc4 38. Raa1 d5 39. Nc2 a2 40. Ne3 Bd3 41. exd5 cxd5 42. Nxd5 Rb8 43. Nc3 Rc8 44. Ke3 Rxc3 45. Rxc3 Bb1 46. Rb3 h5 47. Rb5 hxg4 48. Rxe5 Ra3+ 49. Ke2 Rxf3 50. h5 f6 51. Rc5 g5 52. Rd5 Kg7 53. Rd4 Rf4 54. Rd1 Kh6 55. Rh1 Rf3 56. Ke1 g3 57. Ke2 g4 58. Rh4 f5 59. Rh1 Rf2+ 60. Ke1 f4 61. Rg1 Kxh5 62. Rh1+ Rh2 63. Rg1 Kg5 64. Kd1 g2 65. Kd2 g3 66. Ke2 Kg4 0-1

[Event "Asuncion CIT op"]
[Site "Asuncion"]
[Date "2023.08.15"]
[Round "6"]
[White "Schmidt Portillo, John Alexander"]
[Black "Navarro Canete, Facundo Javier"]
[Result "0-1"]
[WhiteElo "1152"]
[BlackElo "1469"]
[PlyCount "74"]
[EventDate "2023.08.12"]
[EventType "swiss"]
[EventRounds "9"]
[EventCountry "PAR"]
[SourceTitle "CBM 215 Extra"]
[Source "ChessBase"]
[SourceDate "2023.09.30"]
[SourceVersion "1"]
[SourceVersionDate "2023.09.30"]
[SourceQuality "1"]

1. e4 c5 2. Nc3 a6 3. g3 Nc6 4. Bg2 g6 5. d3 Bg7 6. Be3 d6 7. Nge2 e6 8. 0-0 Nge7 9. Qd2 h5 10. h4 Nd4 11. Nd1 Rb8 12. c3 Nxe2+ 13. Qxe2 b5 14. d4 cxd4 15. cxd4 Bb7 16. a3 0-0 17. Qd2 Kh7 18. Nc3 d5 19. e5 Nf5 20. Ne2 Qb6 21. Rac1 Rfc8 22. Qb4 Rc4 23. Rxc4 dxc4 24. Nc3 Bxg2 25. Kxg2 Bf8 26. Na4 bxa4 27. Qxb6 Rxb6 28. Bc1 Kg7 29. Kf3 Ne7 30. Ke4 Nd5 31. Rd1 Bxa3 32. Rd2 c3 33. Rc2 cxb2 34. Bxb2 Rxb2 35. Rc6 Rxf2 36. Rxa6 Rb2 37. Kd3 Nb4+ 0-1

[Event "Florianopolis op 9th"]
[Site "Florianopolis"]
[Date "2023.01.24"]
[Round "3"]
[White "Navarro Canete, Facundo Javier"]
[Black "Campagnolo, Bruna"]
[Result "1/2-1/2"]
[WhiteElo "1148"]
[BlackElo "1607"]
[PlyCount "87"]
[EventDate "2023.01.23"]
[EventType "swiss"]
[EventRounds "10"]
[EventCountry "BRA"]
[SourceTitle "CBM 212 Extra"]
[Source "ChessBase"]
[SourceDate "2023.03.31"]
[SourceVersion "1"]
[SourceVersionDate "2023.03.31"]
[SourceQuality "1"]

1. e4 c5 2. Nf3 a6 3. d4 cxd4 4. Nxd4 Nf6 5. Nc3 e5 6. Nb3 Bb4 7. Bg5 Qc7 8. Bxf6 Bxc3+ 9. bxc3 Qxc3+ 10. Qd2 Qxd2+ 11. Kxd2 gxf6 12. Rd1 d6 13. Kc1 Ke7 14. Bc4 Nc6 15. Rhf1 Be6 16. Bxe6 Kxe6 17. f4 Rac8 18. Kb2 Rc7 19. fxe5 fxe5 20. Rf5 Rhc8 21. c3 Ne7 22. Rf3 d5 23. exd5+ Nxd5 24. Rc1 e4 25. Nd4+ Kd6 26. Rh3 Nf4 27. Rh6+ Ke7 28. Rc2 Nd3+ 29. Kb3 Nc5+ 30. Kb4 Rh8 31. Re2 Nd3+ 32. Ka4 Kf8 33. Rd6 Nc5+ 34. Kb4 Ke8 35. Rd5 Nd3+ 36. Ka5 Re7 37. Nf5 Nf4 38. Nxe7 Nxe2 39. Nf5 Nxc3 40. Rd6 Nxa2 41. Ng7+ Ke7 42. Nf5+ Ke8 43. Ng7+ Ke7 44. Nf5+ 1/2-1/2